[Event "Solingen"]
[Site "?"]
[Date "1986.??.??"]
[Round "?"]
[White "Huebner, R."]
[Black "Westerinen, H."]
[Result "1-0"]
[WhiteElo "2620"]
[BlackElo "2410"]
[PlyCount "103"]
[EventDate "1986.??.??"]
[Source "ChessBase"]
[SourceDate "1987.01.01"]

1. d4 d5 2. c4 e6 3. Nc3 Nf6 4. Nf3 c6 5. e3 Nbd7 6. Qc2 Bd6 7. b3 O-O 8. Be2 e5 9. cxd5 Nxd5 10. Nxd5 cxd5 11. dxe5 Nxe5 12. Bb2 Bb4+ 13. Kf1 Nxf3 14. Bxf3 Be6 15. g3 Bh3+ 16. Ke2 Qg5 17. Qd3 Rfd8 18. Rhd1 Bg4 19. Rac1 Qh5 20. Bxg4 Qxg4+ 21. Kf1 h5 22. Qd4 Rac8 23. Qxg4 hxg4 24. Rd4 Rxc1+ 25. Bxc1 Bc3 26. Rxg4 d4 27. exd4 Bxd4 28. Re4 f5 29. Re7 Bc5 30. Re5 Rd1+ 31. Re1 Rd5 32. Bb2 Kf7 33. Re5 Rxe5 34. Bxe5 g6 35. Ke2 Ke6 36. Bf4 a6 37. f3 Kd5 38. h4 Be7 39. Kd3 Bf6 40. Bd2 Be7 41. Be1 Ke5 42. a4 b5 43. a5 Bd8 44. g4 Kf4 45. Bd2+ Kxf3 46. gxf5 gxf5 47. h5 f4 48. h6 b4 49. h7 Bf6 50. Bxb4 Kg2 51. Bc5 f3 52. b4 1-0

[Event "Sarkisov mem"]
[Site "Krasnodar"]
[Date "1999.??.??"]
[Round "11.2"]
[White "Kuzmin, Gennadi P"]
[Black "Fomichenko, Eduard"]
[Result "1/2-1/2"]
[WhiteElo "2546"]
[BlackElo "2397"]
[PlyCount "39"]
[EventDate "1999.??.??"]
[Source "ChessBase"]
[SourceDate "2000.04.05"]

1. d4 d5 2. c4 e6 3. Nc3 Nf6 4. Nf3 c6 5. e3 Nbd7 6. Be2 Bd6 7. Qc2 O-O 8. O-O Qe7 9. b3 dxc4 10. bxc4 e5 11. Bb2 Re8 12. Rae1 Bc7 13. c5 e4 14. Nd2 Nf8 15. f3 exf3 16. Bxf3 Ng4 17. Bxg4 Bxg4 18. Nf3 Rad8 19. Qf2 Bh5 20. Qh4 1/2-1/2

[Event "Chelyabinsk"]
[Site "?"]
[Date "2004.??.??"]
[Round "?"]
[White "Sadykov, R."]
[Black "Sveshnikov, E."]
[Result "1-0"]
[WhiteElo "2405"]
[BlackElo "2505"]
[PlyCount "65"]
[EventDate "2004.??.??"]
[Source "Chess Informant"]
[SourceDate "2004.10.01"]

1. d4 d5 2. c4 e6 3. Nc3 Nf6 4. Nf3 c6 5. e3 Nbd7 6. Qc2 Bd6 7. g4 Nxg4 8. Rg1 Qf6 9. Rxg4 Qxf3 10. Rxg7 Nf8 11. Rg1 Bxh2 12. Be2 Qf6 13. Rh1 Bd6 14. e4 Bb4 15. Be3 dxe4 16. O-O-O Bxc3 17. Qxc3 Rg8 18. Qb3 b6 19. d5 Bd7 20. dxc6 Bxc6 21. c5 Nd7 22. Rd6 Rc8 23. Bb5 Bxb5 24. Qxb5 Rc7 25. Rhd1 Rg5 26. Kb1 a6 27. Qxa6 Rgxc5 28. Bxc5 bxc5 29. Qb5 Qd8 30. a4 Qc8 31. a5 Ke7 32. a6 Nf6 33. Rd8 1-0

[Event "Graz op-A"]
[Site "Graz"]
[Date "1999.??.??"]
[Round "2"]
[White "Richardson, John"]
[Black "Burmakin, Vladimir"]
[Result "0-1"]
[WhiteElo "2315"]
[BlackElo "2575"]
[PlyCount "74"]
[EventDate "1999.09.17"]
[Source "www.chesslib.no"]
[SourceDate "2004.05.04"]

1. d4 d5 2. c4 e6 3. Nc3 Nf6 4. Nf3 c6 5. e3 Nbd7 6. Qc2 Bd6 7. Bd2 O-O 8. Bd3 Re8 9. O-O dxc4 10. Bxc4 h6 11. Bb3 e5 12. dxe5 Nxe5 13. Nxe5 Bxe5 14. f4 Bc7 15. Rae1 Bb6 16. Kh1 Be6 17. Bxe6 Rxe6 18. e4 Ng4 19. f5 Re8 20. Bf4 Bc7 21. Qe2 Bxf4 22. Rxf4 h5 23. h3 Qg5 24. Qf1 Ne5 25. Rd1 Rad8 26. Rf2 Rxd1 27. Qxd1 Rd8 28. Qc2 Rd6 29. Nb1 Qe3 30. Re2 Qg3 31. Rd2 Rd3 32. Re2 Nf3 33. gxf3 Rxf3 34. Qd1 Qxh3+ 35. Kg1 Rg3+ 36. Kf2 Qh2+ 37. Ke1 Rg1+ 0-1

[Event "Russia"]
[Site "?"]
[Date "1995.??.??"]
[Round "?"]
[White "Obukhov, A."]
[Black "Bashkov, V."]
[Result "1/2-1/2"]
[WhiteElo "2445"]
[BlackElo "2445"]
[PlyCount "66"]
[EventDate "1995.??.??"]
[Source "ChessBase"]
[SourceDate "1995.06.01"]

1. d4 d5 2. c4 e6 3. Nc3 Nf6 4. Nf3 c6 5. e3 Nbd7 6. Qb3 Bd6 7. Be2 O-O 8. O-O b6 9. cxd5 exd5 10. a4 a5 11. Rd1 Re8 12. Bd2 Nf8 13. Be1 Ra7 14. Rac1 Rae7 15. Na2 Bb7 16. Qc2 Ne4 17. b4 axb4 18. Bxb4 c5 19. dxc5 bxc5 20. Be1 Re6 21. Bb5 R8e7 22. Nc3 Rh6 23. Ne2 d4 24. exd4 Ng5 25. Nxg5 Rxe2 26. Nxf7 Bxh2+ 27. Kf1 Bxg2+ 28. Kxe2 Re6+ 29. Ne5 Qd5 30. Qxc5 Rxe5+ 31. dxe5 Bf3+ 32. Kf1 Bg2+ 33. Ke2 Bf3+ 1/2-1/2

[Event "Corr"]
[Site "?"]
[Date "2002.06.15"]
[Round "?"]
[White "Matisson Jean-Marie (FRA)"]
[Black "Ortiz Elias Jose (PER)"]
[Result "1/2-1/2"]
[WhiteElo "2328"]
[BlackElo "2470"]
[PlyCount "69"]
[EventDate "2002.??.??"]
[Source "www.chesslib.no"]
[SourceDate "2004.05.04"]

1. d4 d5 2. c4 e6 3. Nc3 Nf6 4. Nf3 c6 5. e3 Nbd7 6. Qc2 Bd6 7. Be2 O-O 8. O-O Re8 9. b3 Qe7 10. Bb2 b6 11. Rad1 Bb7 12. e4 Nxe4 13. Nxe4 dxe4 14. Qxe4 Rad8 15. Ne5 f5 16. Qf3 Nxe5 17. dxe5 Bb4 18. Qf4 Rxd1 19. Rxd1 Rd8 20. Rxd8+ Qxd8 21. h3 c5 22. Bc1 Be4 23. Bf3 Bc2 24. g4 Qd4 25. Qg5 Be1 26. Be3 Qd7 27. Bg2 Bc3 28. Bf4 h6 29. Qg6 Bb1 30. Bd5 exd5 31. e6 Qe7 32. cxd5 Bf6 33. Bxh6 Be4 34. g5 Be5 35. Bxg7 1/2-1/2

[Event "It Open"]
[Site "?"]
[Date "1997.??.??"]
[Round "7"]
[White "Juarez Alberto"]
[Black "Hoffman Alejandro"]
[Result "0-1"]
[WhiteElo "2245"]
[BlackElo "2480"]
[PlyCount "58"]
[EventDate "1997.??.??"]
[Source "www.chesslib.no"]
[SourceDate "2004.05.04"]

1. d4 d5 2. c4 e6 3. Nc3 Nf6 4. Nf3 c6 5. e3 Nbd7 6. Qc2 Bd6 7. b3 O-O 8. Be2 b6 9. cxd5 exd5 10. O-O Bb7 11. Bd3 Re8 12. Re1 Rc8 13. Bb2 c5 14. Rac1 Qe7 15. dxc5 bxc5 16. Qe2 Ne5 17. Ba6 Nxf3+ 18. gxf3 Bxh2+ 19. Kg2 Bb8 20. Bxb7 Qxb7 21. Na4 Nd7 22. Qd3 Re6 23. Rh1 Rg6+ 24. Kf1 Be5 25. Rh5 Bxb2 26. Nxb2 Nf6 27. Re5 h5 28. Na4 c4 29. Qf5 Qa6 0-1

[Event "Martinez Acosta A"]
[Site "Martinez Acosta A"]
[Date "1995.??.??"]
[Round "?"]
[White "Sorensen, Torben"]
[Black "Muttoni, Guillermo Cesar"]
[Result "1/2-1/2"]
[WhiteElo "2255"]
[BlackElo "2390"]
[PlyCount "54"]
[EventDate "1995.??.??"]
[Source "www.chesslib.no"]
[SourceDate "2004.05.04"]

1. d4 d5 2. c4 e6 3. Nc3 Nf6 4. Nf3 c6 5. e3 Nbd7 6. Qc2 Bd6 7. g4 dxc4 8. Bxc4 e5 9. g5 Nd5 10. Ne4 Bb4+ 11. Bd2 Qe7 12. O-O-O Bxd2+ 13. Nexd2 exd4 14. Bxd5 cxd5 15. Nxd4 Qc5 16. Nb1 Qxc2+ 17. Nxc2 Nb6 18. Nc3 Be6 19. Rd4 h6 20. Rh4 Ke7 21. gxh6 Rxh6 22. Rxh6 gxh6 23. Rg1 Rc8 24. Nd4 Na4 25. Kc2 Kf6 26. f3 a6 27. Rg2 Bh3 1/2-1/2

[Event "Corr"]
[Site "?"]
[Date "2001.??.??"]
[Round "?"]
[White "Douziech Richard"]
[Black "Dubuc Serge"]
[Result "1/2-1/2"]
[WhiteElo "2357"]
[BlackElo "2275"]
[PlyCount "75"]
[EventDate "2001.??.??"]
[Source "www.chesslib.no"]
[SourceDate "2004.05.04"]

1. d4 d5 2. c4 e6 3. Nc3 Nf6 4. Nf3 c6 5. e3 Nbd7 6. Qc2 Bd6 7. Be2 O-O 8. O-O Re8 9. Rd1 Qe7 10. h3 b6 11. e4 Nxe4 12. Nxe4 dxe4 13. Qxe4 Bb7 14. Bf4 Bxf4 15. Qxf4 c5 16. Qc7 Rab8 17. dxc5 Nxc5 18. Qxe7 Rxe7 19. Ne5 f6 20. Nd3 Ne4 21. Rac1 Rc8 22. b3 Kf7 23. Bf3 Rec7 24. Re1 Nd6 25. Bxb7 Rxb7 26. Rcd1 Rd7 27. Re2 Rcd8 28. Red2 e5 29. Nb4 Ke8 30. Kf1 Nf5 31. Nd5 Kf7 32. Ke2 b5 33. g4 Nd4+ 34. Ke3 bxc4 35. bxc4 Ne6 36. Rd3 h5 37. Rb3 Nf4 38. gxh5 1/2-1/2

[Event "Obert Sant Boi"]
[Site "?"]
[Date "1996.??.??"]
[Round "?"]
[White "Yepes"]
[Black "Dbosch"]
[Result "1/2-1/2"]
[WhiteElo "2315"]
[BlackElo "2280"]
[PlyCount "80"]
[EventDate "1996.??.??"]
[Source "www.chesslib.no"]
[SourceDate "2004.05.04"]

1. d4 d5 2. c4 e6 3. Nc3 Nf6 4. Nf3 c6 5. e3 Nbd7 6. Qc2 Be7 7. Be2 O-O 8. O-O b6 9. b3 Bb7 10. Rd1 Rc8 11. Bb2 Qc7 12. Rac1 Qb8 13. Ne5 Rfd8 14. f4 c5 15. cxd5 cxd4 16. Nxd7 Rxd7 17. Rxd4 Bc5 18. dxe6 Rxd4 19. exf7+ Kxf7 20. exd4 Bxd4+ 21. Kh1 Qxf4 22. Rf1 Qh4 23. Qf5 Kg8 24. Nd5 Rd8 25. Ne7+ Kh8 26. Bc1 Qe4 27. Qxe4 Bxe4 28. Nf5 Bc5 29. Ne3 h6 30. Bc4 Kh7 31. Be2 Re8 32. Bf3 Bd3 33. Re1 Bb4 34. Rd1 Ba6 35. Ng4 Nxg4 36. Bxg4 Re7 37. Bf3 Bc5 38. h3 Be2 39. Bxe2 Rxe2 40. a4 Rf2 1/2-1/2

[Event "Europe (championnat jeunes)"]
[Site "?"]
[Date "2004.??.??"]
[Round "7.3"]
[White "Batsiashvili Nino"]
[Black "Guseva Marina"]
[Result "1-0"]
[WhiteElo "2262"]
[BlackElo "2317"]
[PlyCount "139"]
[EventDate "2004.??.??"]
[Source "www.chesslib.no"]
[SourceDate "2004.05.04"]

1. d4 d5 2. c4 e6 3. Nc3 Nf6 4. Nf3 c6 5. e3 Nbd7 6. Qc2 Bd6 7. e4 dxe4 8. Nxe4 Nxe4 9. Qxe4 Bb4+ 10. Bd2 Bxd2+ 11. Nxd2 O-O 12. O-O-O Nf6 13. Qh4 Qa5 14. Bd3 Qh5 15. Qxh5 Nxh5 16. Rhe1 b6 17. Ne4 Ba6 18. b3 Rad8 19. Bc2 Rd7 20. Rd2 Rfd8 21. Red1 Kf8 22. g3 Ke7 23. Kb2 h6 24. Kc3 f5 25. g4 Nf4 26. gxf5 exf5 27. Ng3 g6 28. Ne2 Ne6 29. h4 Kf6 30. Ng1 g5 31. hxg5+ hxg5 32. Nf3 Rh7 33. Ne5 Bb7 34. Ng4+ Kg6 35. Re1 Rh3+ 36. Re3 Rxe3+ 37. fxe3 Ng7 38. Rh2 Kf7 39. Ne5+ Ke7 40. Rh7 Rg8 41. Bxf5 c5 42. Bg4 Be4 43. Rh2 Rf8 44. d5 Rf1 45. Nc6+ Kd6 46. Nxa7 Rc1+ 47. Kb2 Rg1 48. Rh6+ Kc7 49. d6+ Kb7 50. d7 Rg2+ 51. Kc1 Rg1+ 52. Bd1 Kc7 53. Rd6 Kd8 54. Kd2 g4 55. Nc6+ Bxc6 56. Rxc6 Ke7 57. Rg6 Rg2+ 58. Kd3 Ne8 59. Bxg4 Nc7 60. a3 Ra2 61. a4 Rb2 62. Kc3 Rb1 63. Bf3 Na6 64. Bd5 Rc1+ 65. Kd2 Rb1 66. Kc2 Re1 67. e4 Re2+ 68. Kd3 Re1 69. Kd2 Rb1 70. Bb7 1-0

[Event "Corr"]
[Site "?"]
[Date "1998.??.??"]
[Round "67"]
[White "Dostal Jaroslav"]
[Black "Koci Tomas"]
[Result "1/2-1/2"]
[WhiteElo "2240"]
[BlackElo "2271"]
[PlyCount "49"]
[EventDate "1998.??.??"]
[Source "www.chesslib.no"]
[SourceDate "2004.05.04"]

1. d4 d5 2. c4 e6 3. Nc3 Nf6 4. Nf3 c6 5. e3 Nbd7 6. cxd5 exd5 7. Bd3 Bd6 8. O-O O-O 9. Qc2 Re8 10. Re1 Nf8 11. h3 Ng6 12. Bd2 Be6 13. Ng5 Bc7 14. Ne2 Nf8 15. f4 Bc8 16. Ng3 h6 17. Nf3 Be6 18. Ne5 N6d7 19. Bc3 Nxe5 20. dxe5 Qh4 21. Nf5 Bxf5 22. Bxf5 Qg3 23. Qf2 Qxf2+ 24. Kxf2 Ne6 25. Bxe6 1/2-1/2

[Event "FRA-chT2"]
[Site "?"]
[Date "2001.10.14"]
[Round "1"]
[White "Nguyen Chi Minh"]
[Black "Lachique Francois"]
[Result "1-0"]
[WhiteElo "2262"]
[BlackElo "2145"]
[PlyCount "121"]
[EventDate "2001.??.??"]
[Source "www.chesslib.no"]
[SourceDate "2004.05.04"]

1. d4 d5 2. c4 e6 3. Nc3 Nf6 4. Nf3 c6 5. e3 Nbd7 6. Qc2 Bd6 7. g4 h6 8. Rg1 dxc4 9. Bxc4 b5 10. Bxe6 fxe6 11. Qg6+ Kf8 12. g5 Ne8 13. gxh6 Rxh6 14. Qg2 e5 15. e4 Rh8 16. Bg5 Qa5 17. Bd2 exd4 18. Nxd4 Ne5 19. f4 Nd3+ 20. Ke2 Bxf4 21. Raf1 Bh3 22. Qg3 Bxf1+ 23. Rxf1 Kg8 24. Bxf4 Nxf4+ 25. Qxf4 Nf6 26. e5 Re8 27. Ne4 Nxe4 28. Qf7+ Kh7 29. Qh5+ Kg8 30. Qxe8+ Kh7 31. Qh5+ Kg8 32. Qf7+ Kh7 33. Qh5+ Kg8 34. Rf8+ Kxf8 35. Qxh8+ Kf7 36. Qh5+ Kg8 37. Ke3 Nc5 38. Qe8+ Kh7 39. Qxc6 Qe1+ 40. Ne2 Qb4 41. b3 Kg8 42. Qa8+ Kf7 43. Qxa7+ Kg6 44. Qa8 Kf5 45. Nd4+ Kg6 46. Qc6+ Kh5 47. Ne2 Kg5 48. Qg2+ Kh6 49. Qh3+ Kg5 50. Qg3+ Kh6 51. Qf4+ Qxf4+ 52. Nxf4 Kg5 53. Nd3 Ne6 54. a4 bxa4 55. bxa4 Kf5 56. a5 Nc7 57. Kd4 g5 58. Kc5 Ke4 59. Kc6 Na6 60. Kb7 Kxd3 61. Kxa6 1-0

[Event "Quebec"]
[Site "?"]
[Date "2003.02.16"]
[Round "4"]
[White "Beaulieu Eric"]
[Black "Masse Hugues"]
[Result "1-0"]
[WhiteElo "2177"]
[BlackElo "2171"]
[PlyCount "157"]
[EventDate "2003.??.??"]
[Source "www.chesslib.no"]
[SourceDate "2004.05.04"]

1. d4 d5 2. c4 e6 3. Nc3 Nf6 4. Nf3 c6 5. e3 Nbd7 6. Qc2 Be7 7. b3 a6 8. Bd3 h6 9. O-O O-O 10. e4 dxe4 11. Nxe4 Nxe4 12. Bxe4 Nf6 13. Rd1 Qc7 14. Bd3 c5 15. Bb2 b6 16. dxc5 bxc5 17. Ne5 Bb7 18. Qe2 Rad8 19. Re1 Ba8 20. Rad1 Qb7 21. f3 Qc7 22. Bb1 Rxd1 23. Qxd1 Rd8 24. Qc2 Kf8 25. Ng4 h5 26. Ne5 Qd6 27. Bc3 Qc7 28. Qc1 Rd6 29. Qa3 Bb7 30. Bc2 Qc8 31. Nd3 Rc6 32. Re5 g6 33. Qc1 Kg8 34. Re1 Qd8 35. Qf4 Nd7 36. Ne5 Nxe5 37. Qxe5 f6 38. Qe4 Qe8 39. Qxg6+ Qxg6 40. Bxg6 Rd6 41. Bxh5 e5 42. Bg6 Bf8 43. Bc2 Bh6 44. Kf2 Kf7 45. Rd1 Rxd1 46. Bxd1 Ke6 47. Ke2 Bc6 48. Bd2 Bf8 49. g4 f5 50. gxf5+ Kxf5 51. Bc2+ Kf6 52. h4 Be8 53. Bg5+ Ke6 54. Be4 Be7 55. Bd5+ Kd6 56. Ke3 Bg6 57. Be4 Bh5 58. f4 exf4+ 59. Kxf4 Bf8 60. Kf5 Bg7 61. Bb7 a5 62. Bd8 Bc3 63. Kg5 Be2 64. h5 Bd2+ 65. Kh4 Be1+ 66. Kg5 Bd2+ 67. Kg6 Bd3+ 68. Kg7 Bb1 69. h6 Bxh6+ 70. Kxh6 Bxa2 71. Bxa5 Bxb3 72. Bd5 Ke5 73. Bc3+ Kf4 74. Bd2+ Ke5 75. Be3 Kd6 76. Bf4+ Ke7 77. Kg5 Ba2 78. Kf5 Kd7 79. Bb8 1-0

[Event "Championnat de France Benjamins"]
[Site "?"]
[Date "2003.??.??"]
[Round "7.5"]
[White "Edouard Romain"]
[Black "Fougerit Valentin"]
[Result "1/2-1/2"]
[WhiteElo "2088"]
[BlackElo "2014"]
[PlyCount "33"]
[EventDate "2003.??.??"]
[Source "www.chesslib.no"]
[SourceDate "2004.05.04"]

1. d4 d5 2. c4 e6 3. Nc3 Nf6 4. Nf3 c6 5. e3 Nbd7 6. Qc2 Bd6 7. e4 dxe4 8. Nxe4 Nxe4 9. Qxe4 c5 10. Bd2 Nf6 11. Qd3 cxd4 12. Nxd4 O-O 13. Be2 e5 14. Nb5 Be7 15. Qc2 Bd7 16. Nc3 Bc6 17. O-O 1/2-1/2

[Event "Southend op"]
[Site "Southend"]
[Date "1998.04.12"]
[Round "5"]
[White "Crouch, Colin S"]
[Black "Lo, Billy"]
[Result "1-0"]
[WhiteElo "2360"]
[BlackElo "1728"]
[PlyCount "111"]
[EventDate "1998.04.10"]
[Source "www.chesslib.no"]
[SourceDate "2004.05.04"]

1. d4 d5 2. c4 e6 3. Nc3 Nf6 4. Nf3 c6 5. e3 Nbd7 6. Qc2 a6 7. a3 dxc4 8. Bxc4 b5 9. Ba2 Bb7 10. b4 a5 11. Rb1 axb4 12. axb4 Nb6 13. Bd2 Nbd5 14. Nxd5 cxd5 15. Ne5 Bd6 16. Nd3 O-O 17. Nc5 Qc7 18. h3 Ra7 19. O-O Rfa8 20. Bb3 Nd7 21. Qd3 Bc6 22. Rfc1 Nb6 23. e4 Nc4 24. e5 Bxc5 25. bxc5 Ra3 26. Bb4 R3a6 27. Bc2 g6 28. h4 Na3 29. Rb3 Nxc2 30. Rxc2 Qd8 31. Qg3 Ra1+ 32. Kh2 Rd1 33. Rd2 Rc1 34. Ba3 Re1 35. f3 Ra1 36. Bb2 R1a4 37. Rd1 Ra2 38. Bc1 R8a4 39. Bg5 Qf8 40. Qf4 Rc2 41. Rd2 Rcc4 42. Qe3 Qa8 43. Bf6 Qf8 44. h5 h6 45. g4 Ra1 46. Kg3 Rcc1 47. Rg2 Re1 48. Qc3 Rec1 49. Qb2 Qa8 50. g5 Qa5 51. hxg6 Qe1+ 52. Qf2 hxg5 53. Qxe1 Rxe1 54. g7 Rh1 55. Rbb2 Rh5 56. Ra2 1-0

[Event "Wingst (11.04.-19.04)"]
[Site "?"]
[Date "2000.04.??"]
[Round "7"]
[White "Ousatchi Mark"]
[Black "Lippmann Ulrich"]
[Result "1/2-1/2"]
[WhiteElo "2091"]
[BlackElo "1968"]
[PlyCount "26"]
[EventDate "2000.??.??"]
[Source "www.chesslib.no"]
[SourceDate "2004.05.04"]

1. d4 d5 2. c4 e6 3. Nc3 Nf6 4. Nf3 c6 5. e3 Nbd7 6. Qc2 Bd6 7. a3 O-O 8. Bd3 Re8 9. cxd5 exd5 10. Bd2 Qe7 11. O-O-O Ne4 12. Be1 Nef6 13. Nd2 h6 1/2-1/2

[Event "France (championnat Minime)"]
[Site "?"]
[Date "2004.??.??"]
[Round "3.7"]
[White "Prodhomme Boris"]
[Black "Merieux Christophe"]
[Result "0-1"]
[WhiteElo "2080"]
[BlackElo "1978"]
[PlyCount "73"]
[EventDate "2004.??.??"]
[Source "www.chesslib.no"]
[SourceDate "2004.05.04"]

1. d4 d5 2. c4 e6 3. Nc3 Nf6 4. Nf3 c6 5. e3 Nbd7 6. Qc2 Be7 7. e4 dxe4 8. Nxe4 Nxe4 9. Qxe4 Nf6 10. Qc2 c5 11. Bf4 cxd4 12. O-O-O Qa5 13. Kb1 O-O 14. Be5 Bd7 15. Bxd4 Bc6 16. Ne5 Be4 17. Bd3 Bxd3 18. Rxd3 Rfd8 19. f4 Rac8 20. Rhd1 b5 21. g4 bxc4 22. Rh3 g6 23. g5 Nd5 24. Qf2 Qa4 25. Rd2 c3 26. bxc3 Rb8+ 27. Ka1 Qa3 28. Rb2 Rxb2 29. Qxb2 Qxb2+ 30. Kxb2 Nxf4 31. Rf3 Bxg5 32. Nc6 Rd7 33. h4 Bh6 34. Nxa7 e5 35. Bg1 e4 36. Rf1 e3 37. Re1 0-1

[Event "C1.1999.0.00247"]
[Site "?"]
[Date "1999.??.??"]
[Round "?"]
[White "De Leeuw Dirk"]
[Black "Gonzales Carlos"]
[Result "1-0"]
[WhiteElo "2000"]
[BlackElo "2000"]
[PlyCount "53"]
[EventDate "1999.??.??"]
[Source "www.chesslib.no"]
[SourceDate "2004.05.04"]

1. d4 d5 2. c4 e6 3. Nc3 Nf6 4. Nf3 c6 5. e3 Nbd7 6. Qc2 b6 7. Bd3 Bb7 8. O-O Be7 9. Bd2 Qc7 10. Rac1 Rd8 11. cxd5 exd5 12. Rfe1 O-O 13. e4 dxe4 14. Nxe4 h6 15. Ng3 Bd6 16. Bc4 Kh8 17. b4 c5 18. Bb3 Qb8 19. bxc5 bxc5 20. Bc3 Rc8 21. dxc5 Rxc5 22. Qd3 Rfc8 23. Bxf7 Bf4 24. Nh4 Nf8 25. Bxf6 gxf6 26. Ng6+ Nxg6 27. Qxg6 1-0

[Event "Hamburg HSK Elo op 3rd"]
[Site "Hamburg"]
[Date "2002.05.10"]
[Round "4"]
[White "Kjetzae, Johnny"]
[Black "Schneider, Ulf"]
[Result "1-0"]
[WhiteElo "2111"]
[BlackElo "1881"]
[PlyCount "71"]
[EventDate "2002.05.09"]
[Source "ChessBase"]
[SourceDate "2002.07.08"]

1. d4 d5 2. c4 e6 3. Nc3 Nf6 4. Nf3 c6 5. e3 Nbd7 6. Qc2 dxc4 7. Bxc4 Nb6 8. Bb3 c5 9. dxc5 Bxc5 10. O-O Bd7 11. e4 Rc8 12. Qe2 Qc7 13. Bg5 Ng4 14. Bh4 a6 15. Rfd1 Bd6 16. h3 Ne5 17. Rac1 Nxf3+ 18. Qxf3 Bf4 19. Rc2 Qe5 20. Bg3 Bxg3 21. Qxg3 Qxg3 22. fxg3 O-O 23. Rd4 Rfd8 24. Rcd2 Kf8 25. e5 Ke7 26. Ne4 Bc6 27. Nd6 Rc7 28. Nf5+ exf5 29. Rxd8 Nd7 30. Rh8 Nxe5 31. Rxh7 Kf6 32. Rh4 Be4 33. Rf4 Nd3 34. Rf1 g6 35. g4 Nc5 36. gxf5 1-0

[Event "It (open)"]
[Site "Bosnjaci (Croatia)"]
[Date "2008.01.05"]
[Round "3"]
[White "Lacic Stjepan (CRO)"]
[Black "Baturina Andrija (CRO)"]
[Result "0-1"]
[WhiteElo "1973"]
[BlackElo "1980"]
[PlyCount "120"]
[EventDate "2008.??.??"]
[Source "www.chesslib.no"]
[SourceDate "2004.05.04"]

1. d4 d5 2. c4 e6 3. Nc3 Nf6 4. Nf3 c6 5. e3 Nbd7 6. Be2 Be7 7. O-O O-O 8. Qc2 dxc4 9. Bxc4 b5 10. Bd3 Re8 11. Ne4 Bb7 12. Bd2 a6 13. b4 Nxe4 14. Bxe4 Nf6 15. Bd3 Bd6 16. Bc3 h6 17. a3 Nd7 18. Qb2 Qe7 19. Nd2 e5 20. Ne4 exd4 21. Bxd4 c5 22. Nxd6 Qxd6 23. bxc5 Nxc5 24. Be2 Rac8 25. Rfd1 Qg6 26. Bf1 Ne6 27. Rac1 Ng5 28. Kh1 Nf3 29. Qb1 Qh5 30. h3 Ng5 31. Kh2 Nxh3 32. f3 Nf2+ 33. Kg1 Nxd1 34. Rxd1 Bd5 35. Qb2 Qg6 36. Bd3 Qg3 37. Qf2 Qxf2+ 38. Kxf2 Rc6 39. Rd2 g6 40. Rb2 Rec8 41. Rd2 Rd8 42. g4 Bc4 43. Be4 Rcd6 44. Kg3 a5 45. Rh2 Rxd4 46. exd4 Rxd4 47. Rxh6 Kg7 48. Rh1 b4 49. axb4 axb4 50. Rh2 b3 51. Rb2 Rd1 52. g5 Ra1 53. Bb1 Ra2 54. Rf2 Kf8 55. Bxa2 bxa2 56. Rxa2 Bxa2 57. Kf4 Ke7 58. Ke5 Bb3 59. f4 Ba2 60. f5 gxf5 0-1

[Event "Baden Ch MB"]
[Site "Hockenheim GER"]
[Date "1994.??.??"]
[Round "3"]
[White "Mussler, Thomas"]
[Black "Suetterlin, Kurt"]
[Result "0-1"]
[WhiteElo "1915"]
[BlackElo "1980"]
[PlyCount "42"]
[EventDate "1994.??.??"]
[Source "www.chesslib.no"]
[SourceDate "2004.05.04"]

1. d4 d5 2. c4 e6 3. Nc3 Nf6 4. Nf3 c6 5. e3 Nbd7 6. Qc2 Bd6 7. Be2 O-O 8. O-O Re8 9. Rd1 b6 10. e4 dxe4 11. Nxe4 Nxe4 12. Qxe4 Bb7 13. Bd3 g6 14. Bg5 Be7 15. Bf4 Nf6 16. Qe2 Nh5 17. Bh6 Qc7 18. Qd2 Rad8 19. Qc3 Bf6 20. c5 Nf4 21. Be4 Ne2+ 0-1

[Event "10sen.Brandenburg op"]
[Site "?"]
[Date "2001.09.26"]
[Round "4"]
[White "Schenk Manfred"]
[Black "Meiling Hermann"]
[Result "1-0"]
[WhiteElo "2048"]
[BlackElo "1785"]
[PlyCount "49"]
[EventDate "2001.??.??"]
[Source "www.chesslib.no"]
[SourceDate "2004.05.04"]

1. d4 d5 2. c4 e6 3. Nc3 Nf6 4. Nf3 c6 5. e3 Nbd7 6. Qc2 Be7 7. Bd2 O-O 8. e4 dxe4 9. Nxe4 Nxe4 10. Qxe4 Nf6 11. Qc2 c5 12. Bc3 cxd4 13. Rd1 Qb6 14. Rxd4 Bb4 15. Bd3 e5 16. Rh4 e4 17. Bxe4 Re8 18. O-O Bxc3 19. Bxh7+ Kf8 20. Qxc3 g6 21. Qd2 Be6 22. Ne5 Ke7 23. Qg5 Rad8 24. Rf4 Bc8 25. Re1 1-0

[Event "Corr"]
[Site "?"]
[Date "2000.??.??"]
[Round "?"]
[White "Godinot Bernard"]
[Black "Caprio Victor"]
[Result "0-1"]
[WhiteElo "1782"]
[BlackElo "1986"]
[PlyCount "48"]
[EventDate "2000.??.??"]
[Source "www.chesslib.no"]
[SourceDate "2004.05.04"]

1. d4 d5 2. c4 e6 3. Nc3 Nf6 4. Nf3 c6 5. e3 Nbd7 6. Qc2 b6 7. a3 Bb7 8. Bd3 Be7 9. O-O Qc7 10. Ne2 O-O-O 11. cxd5 exd5 12. Ng5 Rdf8 13. b4 h6 14. Nf3 Rfg8 15. e4 dxe4 16. Bxe4 Nxe4 17. Qxe4 Bd6 18. g3 Re8 19. Qd3 Nf6 20. Qf5+ Kb8 21. Bb2 Rxe2 22. Rab1 Rhe8 23. d5 Bc8 24. Nd4 Bxf5 0-1

[Event "Buenos Aires ol women"]
[Site "Buenos Aires ARG"]
[Date "1978.??.??"]
[Round "5"]
[White "De la Rosa, Edelmira"]
[Black "Arias, Mariel"]
[Result "1-0"]
[WhiteElo "1800"]
[BlackElo "1800"]
[PlyCount "109"]
[EventDate "1978.10.??"]
[Source "www.chesslib.no"]
[SourceDate "2004.05.04"]

1. d4 d5 2. c4 e6 3. Nc3 Nf6 4. Nf3 c6 5. e3 Nbd7 6. cxd5 cxd5 7. Bb5 a6 8. Ba4 b5 9. Bc2 Bb7 10. O-O Be7 11. Qd3 O-O 12. Ne5 Bd6 13. f4 b4 14. Nxd7 Qxd7 15. Ne2 Ne4 16. Qd1 f5 17. Bxe4 fxe4 18. Ng3 Rf6 19. Bd2 Rc8 20. a3 Qb5 21. a4 Qd3 22. Rc1 Rff8 23. Nh5 Rxc1 24. Qxc1 Qe2 25. Ng3 Qd3 26. Qd1 a5 27. Nh5 Ba6 28. Re1 Rf7 29. Ng3 b3 30. Bxa5 Qc2 31. Qd2 Bc4 32. Rc1 Qd3 33. Qxd3 exd3 34. Bc3 Rb7 35. Nf1 Ra7 36. a5 Rb7 37. Nd2 Bb4 38. Bxb4 Rxb4 39. Ra1 Rb8 40. a6 Ra8 41. a7 Kf7 42. Ra3 h6 43. Kf2 g6 44. e4 Ke7 45. Ke3 Kf7 46. g3 Ke7 47. exd5 exd5 48. Nxb3 Bxb3 49. Rxb3 d2 50. Rb7+ Kf6 51. Kxd2 Kf5 52. Kd3 Kg4 53. b4 Kh3 54. b5 Kxh2 55. Rg7 1-0

[Event "Schloss Schney (13.06.-21.06)"]
[Site "?"]
[Date "2003.06.18"]
[Round "6.28"]
[White "Gubesch Adolf"]
[Black "Maertin Eberhard"]
[Result "0-1"]
[WhiteElo "1618"]
[BlackElo "1708"]
[PlyCount "110"]
[EventDate "2003.??.??"]
[Source "www.chesslib.no"]
[SourceDate "2004.05.04"]

1. d4 d5 2. c4 e6 3. Nc3 Nf6 4. Nf3 c6 5. e3 Nbd7 6. Qc2 g6 7. e4 dxc4 8. e5 Nd5 9. Bxc4 Bg7 10. Ne4 O-O 11. O-O Qc7 12. a3 b6 13. Bxd5 exd5 14. Nd6 c5 15. Bf4 Bb7 16. dxc5 bxc5 17. b3 Qc6 18. Rab1 a5 19. a4 d4 20. Nxb7 Qxb7 21. Qc4 Rac8 22. e6 fxe6 23. Qxe6+ Kh8 24. Bd6 Rce8 25. Qg4 Nf6 26. Qh3 Rf7 27. Bxc5 Ne4 28. Rfe1 Rd8 29. Bb6 Qxb6 30. Rxe4 d3 31. Qe6 Qa7 32. Rf1 Bc3 33. Ng5 Rg7 34. Rc4 Bb4 35. Qf6 Rf8 36. Qb2 Re8 37. Re4 Qd7 38. Rd4 Qf5 39. Rxd3 Qxg5 40. Rd7 Qe5 41. Qxe5 Rxe5 42. Rd8+ Rg8 43. Rd7 Rge8 44. g3 Re1 45. Rd1 Kg7 46. Kg2 R8e2 47. Rd3 h5 48. Rxe1 Rxe1 49. Re3 Rxe3 50. fxe3 Kf6 51. Kf3 Ke5 52. h3 Bc5 53. g4 h4 54. e4 g5 55. Kg2 Kxe4 0-1